| 000 | 01157nam a22002657a 4500 | ||
|---|---|---|---|
| 003 | AR-RoUNCS | ||
| 005 | 20260306123333.0 | ||
| 007 | ta | ||
| 008 | 160803s2016 ag a dr 000 f spa | ||
| 015 | _aAR-2016 | ||
| 020 | _a978-987-3820-29-8 | ||
| 040 |
_aAR-BaBN _bspa _cAR-RoUNCS _eaacr |
||
| 044 |
_aag _car-c |
||
| 080 | 1 |
_a82-31(460) _22016 |
|
| 100 | 1 |
_aPunset, Ana, _d1981- _eautora _4aut |
|
| 245 | 1 | 3 |
_aEl club de las zapatillas rojas / _cAna Punset ; ilustraciones de Paula González. |
| 250 | _a1a ed. en la Argentina bajo este sello. | ||
| 260 |
_aBuenos Aires : _bMontena, _c2016. |
||
| 300 |
_a264 p. : _bil. ; _c21 cm. |
||
| 520 | 3 | _aLucía, Frida, Bea y Marta son inseparables, siempre lo han sido y siempre lo serán. Ahora deben enfrentarse a una difícil noticia: ¡Marta y su familia se va a vivir a Berlín! Parece que el mundo se acaba... pero pronto las cuatro amigas decidirán fundar un club que les permitirá estar unidas hasta el fin de los tiempos. (Descripción del editor) | |
| 650 | 7 |
_2embne _aliteratura española |
|
| 655 | 7 |
_aNovelas juveniles _2embne |
|
| 700 | 1 |
_aGonzález, Paula _eilustradora _4ill |
|
| 942 |
_2udc _cOG _n0 |
||
| 999 |
_c947 _d947 |
||